[Event "Howell (US Am N/4/15)"]
[Site "?"]
[Date "1996.??.??"]
[Round "?"]
[White "Aldrich, Jeff"]
[Black "Kane, Paul"]
[Result "1-0"]
[WhiteElo "1915"]
[BlackElo "1605"]
[PlyCount "37"]
[EventDate "1996.??.??"]

{4/(15)} 1. d4 d5 2. c4 c6 3. Nc3 Nf6 4. Nf3 Bf5 5. e3 e6 6. Qb3 Qb6 7. c5 Qxb3
8. axb3 Be7 9. b4 O-O 10. b5 Nfd7 11. b4 b6 12. Bd2 Re8 13. Na4 Bd8 14. Be2 e5
15. Nxe5 Nxe5 16. dxe5 Rxe5 17. Nxb6 Bxb6 18. cxb6 Bc8 19. Rxa7 1-0

[Event "Lansing (MI Op/1b/1)"]
[Site "?"]
[Date "1996.??.??"]
[Round "?"]
[White "Aldrich, Jeff"]
[Black "Kamberi, Sonny"]
[Result "1-0"]
[WhiteElo "1935"]
[BlackElo "2305"]
[PlyCount "73"]
[EventDate "1996.??.??"]

1. d4 Nf6 2. c4 g6 3. Nc3 Bg7 4. e4 d6 5. Be2 O-O 6. Nf3 e5 7. dxe5 dxe5 8. O-O
Qe7 9. Bg5 c6 10. Qa4 Na6 11. Rfd1 Bg4 12. Be3 Rfe8 13. Rab1 Nc5 14. Qc2 Bxf3
15. Bxf3 Ne6 16. Ne2 Nd7 17. b4 Bf6 18. Bg4 Ndf8 19. a4 Bg5 20. Qc1 Rad8 21.
Qc3 Bxe3 22. fxe3 Ng5 23. Ng3 h5 24. Bf3 Nxf3+ 25. gxf3 Rd7 26. Rf1 Red8 27.
Rb2 Rd3 28. Qc1 R8d7 29. Rg2 Kh7 30. f4 exf4 31. exf4 h4 32. f5 hxg3 33. hxg3
Qxe4 34. Rh2+ Kg8 35. f6 Rxg3+ 36. Kf2 Qe2+ 37. Kxe2 1-0

[Event "Howell (US Am N/6/5)"]
[Site "?"]
[Date "1996.??.??"]
[Round "?"]
[White "Aldrich, Jeff"]
[Black "Helle, Frank"]
[Result "1-0"]
[WhiteElo "1915"]
[BlackElo "2025"]
[PlyCount "121"]
[EventDate "1996.??.??"]

{6/(5)} 1. d4 d5 2. c4 dxc4 3. Nf3 Nf6 4. Nc3 Bf5 5. e3 e6 6. Bxc4 Nbd7 7. O-O
Bb4 8. Qb3 Bxc3 9. bxc3 Nb6 10. Be2 O-O 11. Bb2 Ne4 12. Rfd1 Nd5 13. c4 Ndf6
14. Ne5 Nd7 15. Nxd7 Qxd7 16. f3 Nf6 17. e4 Bg6 18. Qe3 c6 19. g4 Rfd8 20. h4
h5 21. g5 Ne8 22. a4 e5 23. Kg2 exd4 24. Bxd4 Qe6 25. c5 Rd7 26. Qc3 Rad8 27.
Be5 Rxd1 28. Rxd1 Rxd1 29. Bxd1 Qa2+ 30. Qc2 Qe6 31. Qb2 Qd7 32. Be2 Qe7 33.
Qd4 Nc7 34. Qd6 Qxd6 35. cxd6 Ne6 36. d7 f5 37. Bc7 fxe4 38. d8=Q+ Nxd8 39.
Bxd8 exf3+ 40. Kxf3 Kf7 41. Bc4+ Ke8 42. Ba5 Bc2 43. Bc3 g6 44. a5 b5 45. axb6
axb6 46. Ke3 Ke7 47. Bd3 Bxd3 48. Kxd3 Ke6 49. Ke4 c5 50. Be1 b5 51. Bd2 Kd6
52. Be3 b4 53. Bc1 Ke6 54. Bf4 b3 55. Be5 c4 56. Bc3 Kd6 57. Kd4 Ke6 58. Kxc4
b2 59. Bxb2 Kf5 60. Bc3 Kg4 61. Be1 1-0

[Event "Detroit (Class A/1/12)"]
[Site "?"]
[Date "1996.??.??"]
[Round "?"]
[White "Aldrich, Jeff"]
[Black "Gaiefsky, Mike"]
[Result "0-1"]
[WhiteElo "1915"]
[BlackElo "1840"]
[PlyCount "78"]
[EventDate "1996.??.??"]

{1/(12)} 1. d4 d5 2. c4 c6 3. Nc3 Nf6 4. Nf3 e6 5. Bg5 Be7 6. e3 Nbd7 7. Qc2
O-O 8. Rc1 Nh5 9. h4 f6 10. Bd3 f5 11. g4 dxc4 12. Bxc4 Nb6 13. Bd3 Nf6 14.
gxf5 exf5 15. Bxf5 Bxf5 16. Qxf5 Qd7 17. Qxd7 Nbxd7 18. Rg1 Kh8 19. Ne5 Rae8
20. Nxd7 Nxd7 21. Bxe7 Rxe7 22. Ne2 Re4 23. h5 h6 24. Ng3 Re7 25. Ke2 Rf4 26.
Rg2 Nb6 27. Kd3 Rf3 28. Ne2 Nd5 29. a3 Ref7 30. Nc3 Nf4+ 31. Ke4 Nxg2 32. d5
cxd5+ 33. Nxd5 Rxf2 34. Ke5 R2f5+ 35. Ke6 R7f6+ 36. Nxf6 Rxf6+ 37. Ke7 Nxe3 38.
Rc8+ Kh7 39. Ra8 Nd5+ 0-1

[Event "Detroit (WCO/4/27)"]
[Site "?"]
[Date "1996.??.??"]
[Round "?"]
[White "Akinlua, T."]
[Black "Powell, Antione"]
[Result "0-1"]
[WhiteElo "1605"]
[BlackElo "1605"]
[PlyCount "96"]
[EventDate "1996.??.??"]

{4/(27)} 1. d4 Nf6 2. c4 g6 3. Nc3 Bg7 4. d5 d6 5. Bg5 Nbd7 6. Nf3 Nc5 7. Bxf6
Bxf6 8. g3 Bf5 9. Nd4 Ne4 10. Nxf5 Nxc3 11. bxc3 Bxc3+ 12. Qd2 Bxd2+ 13. Kxd2
gxf5 14. Bh3 e6 15. dxe6 fxe6 16. Rab1 d5 17. Rhd1 dxc4+ 18. Kc2 Qe7 19. Rxb7
Rd8 20. Rxd8+ Qxd8 21. Rxa7 Qb8 22. Ra6 Qc8 23. Ra7 e5 24. e4 Rf8 25. exf5 Rxf5
26. Bxf5 Qxf5+ 27. Kc3 Qxf2 28. Rxc7 Qd4+ 29. Kc2 Qd3+ 30. Kb2 Qd2+ 31. Kb1
Qxh2 32. Rxc4 Qg2 33. Rc8+ Kd7 34. Rc2 Qe4 35. Kc1 Qe1+ 36. Kb2 Qxg3 37. Rd2+
Ke6 38. Rc2 e4 39. Rc6+ Ke5 40. Rc3 Qxc3+ 41. Kxc3 e3 42. Kd3 Kf4 43. Ke2 h5
44. a4 h4 45. a5 h3 46. a6 h2 47. a7 h1=Q 48. a8=Q Qxa8 0-1

[Event "Detroit (WCO/5/28)"]
[Site "?"]
[Date "1996.??.??"]
[Round "?"]
[White "Akinlua, T."]
[Black "Gibson, M."]
[Result "1-0"]
[WhiteElo "1605"]
[BlackElo "1605"]
[PlyCount "105"]
[EventDate "1996.??.??"]

{5/(28)} 1. d4 d5 2. e3 Bf5 3. c4 e6 4. Nc3 Nf6 5. Nf3 Nc6 6. Bd3 Bg6 7. Bxg6
hxg6 8. Ng5 dxc4 9. Qa4 a6 10. Qxc4 e5 11. dxe5 Nxe5 12. Qa4+ b5 13. Qf4 Nd3+
14. Kf1 Nxf4 15. exf4 Qd3+ 16. Kg1 Ng4 17. Nge4 f5 18. h3 fxe4 19. hxg4 Rxh1+
20. Kxh1 e3 21. Bxe3 b4 22. Na4 Be7 23. Re1 O-O-O 24. Ba7 Kb7 25. Bc5 Bxc5 26.
Nxc5+ Kc8 27. Nxd3 Rxd3 28. Re8+ Kd7 29. Rg8 Rd1+ 30. Kh2 Rb1 31. Rxg7+ Kc6 32.
Rxg6+ Kb7 33. a3 b3 34. f5 Rxb2 35. f6 Ra2 36. f7 b2 37. f8=Q b1=Q 38. Qf3+ Kc8
39. Rg8+ Kd7 40. Qf7+ Kc6 41. Qe6+ Kb7 42. Qc8+ Kc6 43. Qxa6+ Qb6 44. Qxb6+
Kxb6 45. g5 c5 46. Rc8 Rc2 47. g6 c4 48. g7 c3 49. Rxc3 Rxc3 50. g8=Q Rxa3 51.
Qe6+ Kb5 52. Qd5+ Kb6 53. Qd6+ 1-0

[Event "Detroit (WCO/4/28)"]
[Site "?"]
[Date "1996.??.??"]
[Round "?"]
[White "Akinlua, K."]
[Black "Martinez, M."]
[Result "1-0"]
[WhiteElo "1605"]
[BlackElo "1605"]
[PlyCount "58"]
[EventDate "1996.??.??"]

{4/(28)} 1. d4 d5 2. Nf3 Nc6 3. Bf4 Bf5 4. e3 Bg4 5. Bb5 a6 6. Bxc6+ bxc6 7.
O-O e6 8. Nc3 Nf6 9. Be5 Bd6 10. Bxf6 Qxf6 11. e4 Bxf3 12. gxf3 O-O 13. e5 Qf4
14. exd6 cxd6 15. Ne2 Qxf3 16. Qd2 Rab8 17. b4 Rb7 18. Rfe1 Rfb8 19. a3 Qg4+
20. Ng3 Qf3 21. Re3 Qf4 22. Nh5 Qg5+ 23. Ng3 h6 24. Qe2 Ra8 25. Kh1 Rc7 26. Nh5
g6 27. Ng3 c5 28. b5 Qh4 29. b6 Rb7 1-0

[Event "Detroit (WCO/2/22)"]
[Site "?"]
[Date "1996.??.??"]
[Round "?"]
[White "Akinlua, K."]
[Black "Jaynes, K."]
[Result "0-1"]
[WhiteElo "1605"]
[BlackElo "1605"]
[PlyCount "48"]
[EventDate "1996.??.??"]

{2/(22)} 1. d4 Nf6 2. Nf3 c5 3. Bf4 cxd4 4. Nxd4 e5 5. Bxe5 Qa5+ 6. Nd2 Qxe5 7.
N2f3 Qa5+ 8. c3 Nc6 9. Nxc6 dxc6 10. e4 Be7 11. e5 Nd5 12. Bc4 O-O 13. Bxd5
Qxd5 14. Qe2 Bg4 15. c4 Qa5+ 16. Qd2 Bb4 17. Qxb4 Qxb4+ 18. Nd2 Rad8 19. O-O
Qxd2 20. b3 Qc2 21. Rfc1 Qe2 22. h3 Rd2 23. Re1 Qxf2+ 24. Kh2 Qxg2# 0-1

[Event "Detroit (WCO/4/7)"]
[Site "?"]
[Date "1996.??.??"]
[Round "?"]
[White "Aguilar, Javier"]
[Black "West, Tony"]
[Result "0-1"]
[WhiteElo "1605"]
[BlackElo "1625"]
[PlyCount "106"]
[EventDate "1996.??.??"]

{4/(7)} 1. d4 Nf6 2. c4 c5 3. Nf3 g6 4. Bg5 Bg7 5. e3 O-O 6. Nc3 d6 7. Be2 Qb6
8. b3 cxd4 9. Nxd4 Nc6 10. Rc1 Nxd4 11. exd4 Bf5 12. O-O Ne4 13. Nd5 Qxd4 14.
Nxe7+ Kh8 15. Qxd4 Bxd4 16. Rcd1 Bc5 17. Be3 Bxe3 18. fxe3 Nc3 19. Rd2 Nxe2+
20. Rxe2 Bd3 21. Rd2 Bxf1 22. Kxf1 Rad8 23. a4 Rfe8 24. Nd5 Kg7 25. b4 b6 26.
Ke2 Re4 27. Rc2 Rc8 28. Kd3 f5 29. b5 Rce8 30. Ra2 Rc8 31. Rc2 g5 32. g3 h5 33.
Nb4 Rce8 34. Re2 f4 35. gxf4 gxf4 36. Nd5 fxe3 37. Nxe3 Kh7 38. Re1 Rh4 39. Re2
Rh3 40. Kd2 Re5 41. Kd3 d5 42. cxd5 Rxd5+ 43. Kc3 Rd1 44. Kc4 Ra1 45. Kb3 Rf3
46. Kb4 Rf4+ 47. Nc4 Rc1 48. Re7+ Kg6 49. Rc7 Kg5 50. a5 bxa5+ 51. Kxa5 Rcxc4
52. Rxa7 Ra4+ 53. Kb6 Rf6+ 0-1

[Event "Detroit (WCO/3/15)"]
[Site "?"]
[Date "1996.??.??"]
[Round "?"]
[White "Aguilar, Javier"]
[Black "Tarrance, J."]
[Result "1-0"]
[WhiteElo "1605"]
[BlackElo "1605"]
[PlyCount "59"]
[EventDate "1996.??.??"]

{3/(15)} 1. d4 d5 2. c4 dxc4 3. Nf3 e6 4. e3 Qe7 5. a3 Qd8 6. Bxc4 Nc6 7. O-O
e5 8. d5 Nb8 9. Nxe5 Qf6 10. f4 Bd6 11. Bb5+ c6 12. dxc6 bxc6 13. Nxc6 Nxc6 14.
Bxc6+ Kf8 15. Bxa8 Qg6 16. Nc3 Bh3 17. Rf2 Nf6 18. Qxd6+ Ke8 19. Rd2 Nd7 20.
Qxg6 hxg6 21. gxh3 Rxh3 22. Rg2 Nb6 23. Bc6+ Kf8 24. b3 f5 25. Rxg6 Kf7 26. Rg3
Rh8 27. Bb2 Nc8 28. Rd1 Ne7 29. Bd5+ Nxd5 30. Nxd5 1-0

[Event "Lansing (MOR/6/18)"]
[Site "?"]
[Date "1996.??.??"]
[Round "?"]
[White "Aguilar, Javier"]
[Black "Smith, Robert"]
[Result "1-0"]
[WhiteElo "1605"]
[BlackElo "1670"]
[PlyCount "49"]
[EventDate "1996.??.??"]

{6/(18)} 1. d4 Nf6 2. c4 e6 3. Nc3 d5 4. Bg5 Be7 5. Nf3 Nbd7 6. e3 h6 7. Bh4
O-O 8. Rc1 b6 9. Bd3 Bb7 10. a3 c5 11. O-O cxd4 12. Nxd4 e5 13. Nf5 e4 14. Be2
dxc4 15. Bxc4 Re8 16. Bb5 a5 17. Bxd7 Nxd7 18. Nxe7+ Rxe7 19. Bxe7 Qxe7 20. Nd5
Qg5 21. Rc7 Bxd5 22. Rxd7 Be6 23. Rd2 Bh3 24. f4 exf3 25. Qxf3 1-0

[Event "Ann Arbor (Mini-Swiss/3)"]
[Site "?"]
[Date "1996.??.??"]
[Round "?"]
[White "Aguilar, Javier"]
[Black "Scioly, Tony"]
[Result "0-1"]
[WhiteElo "1605"]
[BlackElo "1605"]
[PlyCount "66"]
[EventDate "1996.??.??"]

1. d4 Nf6 2. c4 g6 3. Nc3 Bg7 4. Nf3 O-O 5. e4 d6 6. Be3 Nbd7 7. Bd3 c5 8. d5
Re8 9. O-O Nf8 10. Qc2 e6 11. Bg5 h6 12. Bh4 N8h7 13. Rfe1 e5 14. Nb5 a6 15.
Nc3 g5 16. Bg3 Nh5 17. Rf1 N7f6 18. Nd2 Nf4 19. Bxf4 gxf4 20. Be2 Bd7 21. Nf3
Qe7 22. Nh4 Kh8 23. Qd1 Rg8 24. Kh1 Nh7 25. g3 Bf6 26. Nf5 Bxf5 27. exf5 Rg7
28. Ne4 Rag8 29. Qb3 Ng5 30. Nxf6 Qxf6 31. Qxb7 Qxf5 32. Kg2 f3+ 33. Bxf3 Qxf3+
0-1

[Event "Lansing (MOR/1b/7)"]
[Site "?"]
[Date "1996.??.??"]
[Round "?"]
[White "Aguilar, Javier"]
[Black "Schell, Ken"]
[Result "0-1"]
[WhiteElo "1605"]
[BlackElo "1705"]
[PlyCount "74"]
[EventDate "1996.??.??"]

1. d4 d5 2. c4 e6 3. Nc3 Nf6 4. Bg5 Nbd7 5. Nf3 c6 6. e3 Qa5 7. Qb3 Bb4 8. Rc1
Ne4 9. Bd3 dxc4 10. Bxc4 Nxg5 11. Nxg5 Bxc3+ 12. Rxc3 Qxg5 13. O-O O-O 14. Bd3
Nb6 15. Rc5 Qf6 16. Rh5 g6 17. Rh6 Kg7 18. Rh3 e5 19. Rf3 Qe7 20. dxe5 Qxe5 21.
Rd1 Bg4 22. Be2 Bxf3 23. Bxf3 Rad8 24. Qb4 Rxd1+ 25. Bxd1 Rd8 26. Qb3 Qd5 27.
Qc3+ Kg8 28. Be2 Qd1+ 29. Bf1 Qh5 30. g3 Rd1 31. Qf6 Qe2 32. Qd8+ Rxd8 33. Bxe2
Rd2 34. Bg4 f5 35. Bf3 Rxb2 36. Kg2 Rxa2 37. Bd1 Nd5 0-1

[Event "Lansing (MOR/3/25)"]
[Site "?"]
[Date "1996.??.??"]
[Round "?"]
[White "Aguilar, Javier"]
[Black "Raupp, Helene"]
[Result "0-1"]
[WhiteElo "1605"]
[BlackElo "1605"]
[PlyCount "86"]
[EventDate "1996.??.??"]

{3/(25)} 1. d4 e6 2. Nf3 d5 3. c4 c5 4. cxd5 cxd4 5. g3 Qxd5 6. Bg2 e5 7. O-O
Nc6 8. Nbd2 Bg4 9. Nh4 Qb5 10. Re1 Bb4 11. a3 Ba5 12. Bf3 Be6 13. b4 Bd8 14.
Bxc6+ Qxc6 15. Ng2 Bh3 16. e4 dxe3 17. Nf3 exf2+ 18. Kxf2 Bb6+ 19. Be3 Bxe3+
20. Rxe3 e4 21. Rc1 Qb6 22. Rc5 Nf6 23. Nf4 Ng4+ 24. Ke2 Nxe3 25. Kxe3 exf3 26.
Kxf3 Be6 27. Nxe6 fxe6 28. Kg2 Rd8 29. Qh5+ g6 30. Qe5 Rf8 31. Qg7 Rf7 32. Qh8+
Ke7 33. Qe5 Qd6 34. Qg5+ Ke8 35. Kh3 Rf5 36. Rxf5 exf5 37. Qe3+ Qe7 38. Qc3 g5
39. Qh8+ Kd7 40. Qd4+ Kc8 41. Qc3+ Kb8 42. a4 g4+ 43. Kg2 Qe2+ 0-1

[Event "Detroit (WCO/1/24)"]
[Site "?"]
[Date "1996.??.??"]
[Round "?"]
[White "Aguilar, Javier"]
[Black "Martinez, M."]
[Result "1-0"]
[WhiteElo "1605"]
[BlackElo "1605"]
[PlyCount "45"]
[EventDate "1996.??.??"]

{1/(24)} 1. d4 d5 2. c4 dxc4 3. Nf3 Nf6 4. e3 Be6 5. Nc3 Nc6 6. Qa4 Qd5 7. Nxd5
Bxd5 8. Bxc4 Bxc4 9. Qxc4 O-O-O 10. O-O Ne4 11. Qxf7 Nd6 12. Qe6+ Kb8 13. a4 a6
14. Bd2 Rg8 15. b4 b5 16. axb5 axb5 17. Qxg8 Nc4 18. Bc3 g6 19. Qe6 Rd6 20. Qf7
Rf6 21. Qe8+ Kb7 22. Qa8+ Kb6 23. Qa6# 1-0

[Event "Detroit (Beg/1/9)"]
[Site "?"]
[Date "1996.??.??"]
[Round "?"]
[White "Aguilar, Javier"]
[Black "Libby, A."]
[Result "1-0"]
[WhiteElo "1605"]
[BlackElo "1605"]
[PlyCount "49"]
[EventDate "1996.??.??"]

{1/(9)} 1. d4 Nc6 2. Nf3 Nf6 3. c4 e6 4. Nc3 Bb4 5. Bg5 h6 6. Bh4 O-O 7. e3 d6
8. Qc2 e5 9. d5 e4 10. Nd2 Ne7 11. Bxf6 gxf6 12. Ndxe4 Bf5 13. Bd3 a5 14. Nxf6+
Kg7 15. Nh5+ Kg6 16. Nf4+ Kg5 17. h4+ Kf6 18. O-O Rg8 19. Bxf5 Nxf5 20. e4 Nxh4
21. f3 Ke5 22. Nd3+ Kd4 23. Qf2+ Kxd3 24. Rfd1+ Kxc4 25. Qd4# 1-0

[Event "Ann Arbor (Mini-Swiss/2/12)"]
[Site "?"]
[Date "1996.??.??"]
[Round "?"]
[White "Aguilar, Javier"]
[Black "King, Edwin"]
[Result "1/2-1/2"]
[WhiteElo "1605"]
[BlackElo "1605"]
[PlyCount "72"]
[EventDate "1996.??.??"]

{2/(12)} 1. d4 Nf6 2. c4 c5 3. d5 b5 4. e3 b4 5. Nf3 g6 6. Bd3 Bg7 7. O-O O-O
8. Re1 d6 9. e4 Re8 10. Bf4 Nh5 11. Bc1 Nd7 12. a4 a5 13. Ra2 Ba6 14. b3 Ne5
15. Nxe5 Bxe5 16. Bb2 Bxb2 17. Rxb2 Nf4 18. Qf3 Nxd3 19. Qxd3 e6 20. Rbe2 e5
21. Qg3 Bc8 22. f4 Kh8 23. fxe5 Rxe5 24. Nd2 f5 25. exf5 Rxe2 26. Rxe2 Bxf5 27.
Ne4 Ra6 28. Ng5 Qf6 29. Qe3 Ra8 30. Re1 h6 31. Ne6 g5 32. Qg3 Ra6 33. Nc7 Rb6
34. Ne8 Qc3 35. Qf2 Qd4 36. Re3 Qd1+ 1/2-1/2

[Event "Detroit (Beg/4/6)"]
[Site "?"]
[Date "1996.??.??"]
[Round "?"]
[White "Aguilar, Javier"]
[Black "Gilsinger, J."]
[Result "1-0"]
[WhiteElo "1605"]
[BlackElo "1605"]
[PlyCount "75"]
[EventDate "1996.??.??"]

{4/(6)} 1. d4 g6 2. c4 Bg7 3. Nf3 d6 4. Nc3 c5 5. e3 cxd4 6. Nxd4 Bd7 7. b3 Nc6
8. Bb2 Nxd4 9. exd4 Nf6 10. Bd3 Qb6 11. Ne2 Bg4 12. O-O O-O 13. Rc1 Rac8 14. f3
Bd7 15. f4 Bg4 16. f5 Bxe2 17. Qxe2 Nh5 18. fxg6 Bxd4+ 19. Bxd4 Qxd4+ 20. Kh1
hxg6 21. Rcd1 Nf4 22. Qf3 Nxd3 23. Rxd3 Qb6 24. Qh3 Kg7 25. Rdf3 f6 26. Qe6 Qd8
27. Qe3 b6 28. Rh3 Rh8 29. Rxh8 Kxh8 30. Qh6+ Kg8 31. Qxg6+ Kf8 32. Re1 Qe8 33.
Qh6+ Kf7 34. Qh7+ Kf8 35. Re4 Rc7 36. Rg4 Qf7 37. Qh8+ Qg8 38. Qxg8# 1-0

[Event "Ann Arbor (Mini-Swiss/1/14)"]
[Site "?"]
[Date "1996.??.??"]
[Round "?"]
[White "Aguilar, Javier"]
[Black "Dolin, Jack"]
[Result "1-0"]
[WhiteElo "1605"]
[BlackElo "1605"]
[PlyCount "41"]
[EventDate "1996.??.??"]

{1/(14)} 1. d4 d5 2. c4 e6 3. Nc3 Nf6 4. Bg5 Be7 5. Nf3 O-O 6. e3 Nbd7 7. Bd3
dxc4 8. Bxc4 a6 9. O-O b5 10. Bd3 Nd5 11. Bxe7 Qxe7 12. Qc2 Nb4 13. Bxh7+ Kh8
14. Qe4 Rb8 15. a3 Nf6 16. Qh4 Nbd5 17. Nxd5 Nxd5 18. Ng5 g6 19. Bxg6+ Kg7 20.
Qh7+ Kf6 21. Ne4# 1-0

[Event "Ann Arbor (Mini-Swiss/1)"]
[Site "?"]
[Date "1996.??.??"]
[Round "?"]
[White "Aguilar, Javier"]
[Black "Dolin, Jack"]
[Result "1-0"]
[WhiteElo "1605"]
[BlackElo "1605"]
[PlyCount "121"]
[EventDate "1996.??.??"]

1. d4 d5 2. c4 c6 3. Nf3 Bf5 4. Nc3 Nf6 5. e3 e6 6. Be2 Nbd7 7. Qb3 Qb6 8. Qa4
Ne4 9. cxd5 exd5 10. O-O Ndf6 11. Qd1 Bd6 12. Ne5 Bxe5 13. dxe5 Nd7 14. Nxe4
Bxe4 15. Bd3 Nxe5 16. Bxe4 dxe4 17. Qd6 Nd3 18. b3 Rd8 19. Qg3 O-O 20. Rb1 Qa5
21. a4 Nxc1 22. Rfxc1 Rd2 23. Qg4 Qe5 24. Rd1 f5 25. Qg5 Qb2 26. Rf1 Qa2 27.
Rbd1 Rfd8 28. Rxd2 Qxd2 29. h3 g6 30. Qe7 Qd7 31. Qc5 b6 32. Qc4+ Qd5 33. Qc3
c5 34. Rc1 Qd2 35. Qc4+ Kg7 36. Rf1 Rd3 37. Qe6 Rd7 38. Qe5+ Kh6 39. h4 Qd6 40.
Qh8 Qd5 41. Qf8+ Kh5 42. g3 Qf7 43. Qb8 Qxb3 44. Qf4 h6 45. Kg2 Qf7 46. Kh3 g5
47. hxg5 hxg5 48. Qe5 g4+ 49. Kg2 Kg6 50. Rh1 c4 51. Qh8 Qg7 52. Qe8+ Qf7 53.
Qh8 Qg7 54. Qe8+ Kf6 55. Qc8 Rc7 56. Qd8+ Ke6 57. Qe8+ Kf6 58. Qd8+ Ke6 59.
Qe8+ Kd6 60. Rd1+ Kc5 61. Qb5# 1-0

[Event "Detroit (Beg/2/5)"]
[Site "?"]
[Date "1996.??.??"]
[Round "?"]
[White "Aguilar, Javier"]
[Black "Berry, DeMarcus"]
[Result "0-1"]
[WhiteElo "1605"]
[BlackElo "1605"]
[PlyCount "76"]
[EventDate "1996.??.??"]

{2/(5)} 1. d4 d5 2. c4 dxc4 3. Nc3 Nf6 4. Bg5 Nbd7 5. e3 Nb6 6. Nf3 Bg4 7. Be2
e6 8. O-O Be7 9. Qc2 O-O 10. a4 a5 11. Ne5 Bxe2 12. Qxe2 c6 13. Rfd1 Qc7 14.
Nxc4 Nxc4 15. Qxc4 Ng4 16. Bf4 Bd6 17. Bxd6 Qxd6 18. g3 Qe7 19. Qe2 f5 20. e4
Qf7 21. Rf1 Qh5 22. f3 Nh6 23. exf5 Qxf5 24. Rae1 Rfe8 25. Ne4 Rad8 26. Nc5
Rxd4 27. Nxb7 Rxa4 28. Nd6 Qc5+ 29. Kg2 Qxd6 30. Rd1 Qb8 31. Rd2 Nf5 32. Rfd1
h5 33. Rd6 Nxd6 34. Qe5 Ra2 35. Qxh5 Qxb2+ 36. Kh3 Qxh2+ 37. Kg4 Ra4+ 38. Kg5
Qxg3+ 0-1

[Event "Howell (US Am N/1/47)"]
[Site "?"]
[Date "1996.??.??"]
[Round "?"]
[White "Afshar, N."]
[Black "Snobeck, Michael"]
[Result "0-1"]
[WhiteElo "1605"]
[BlackElo "1605"]
[PlyCount "92"]
[EventDate "1996.??.??"]

{1/(47)} 1. d4 d5 2. c4 e6 3. Nc3 c6 4. cxd5 exd5 5. Nf3 Nf6 6. Bg5 Be7 7. e3
O-O 8. Rc1 h6 9. Bh4 Bf5 10. Bd3 Ne4 11. Bxe7 Qxe7 12. O-O Nd7 13. Qc2 Bg6 14.
Rfe1 f5 15. Nd2 Qh4 16. g3 Qg5 17. Nf3 Qf6 18. Nh4 Bh5 19. Be2 Bxe2 20. Nxe2
Rf7 21. f4 Re8 22. Nf3 Qg6 23. Ne5 Nxe5 24. fxe5 h5 25. Nf4 Qh6 26. b4 h4 27.
gxh4 Qxh4 28. Qg2 Qh6 29. Rf1 g5 30. Rf3 g4 31. Rh3 Qf8 32. b5 Rg7 33. Rh5 cxb5
34. Nxd5 Qf7 35. Nf4 Rh7 36. Rxh7 Kxh7 37. Rf1 Qc4 38. Nh5 Qd3 39. Rxf5 Qxe3+
40. Kh1 Rc8 41. Rf1 Rc1 42. Rxc1 Nf2+ 43. Kg1 Nh3+ 44. Kf1 Qxc1+ 45. Ke2 Qc2+
46. Kf1 Qd1# 0-1

[Event "Howell (US Am N/6/36)"]
[Site "?"]
[Date "1996.??.??"]
[Round "?"]
[White "Afshar, N."]
[Black "Rosati, S."]
[Result "1-0"]
[WhiteElo "1605"]
[BlackElo "1605"]
[PlyCount "89"]
[EventDate "1996.??.??"]

{6/(36)} 1. c4 e6 2. d4 f5 3. Nc3 Nf6 4. Bg5 Be7 5. Nf3 d6 6. g3 O-O 7. Bg2 c6
8. O-O d5 9. c5 Bd7 10. Ne5 Be8 11. b4 Nbd7 12. f4 Nxe5 13. fxe5 Ne4 14. Bxe7
Qxe7 15. Nxe4 fxe4 16. Rxf8+ Qxf8 17. Qd2 Bd7 18. Rf1 Qe7 19. h4 Rf8 20. Bh3
Rxf1+ 21. Bxf1 h6 22. e3 g5 23. hxg5 Qxg5 24. Qf2 Be8 25. Qf4 Qg7 26. Bh3 Bd7
27. Kg2 Bc8 28. Qh4 Qg5 29. Qf4 Qg7 30. Bg4 Bd7 31. Bh5 Be8 32. g4 Bd7 33. Kg3
Bc8 34. Kh4 Bd7 35. g5 hxg5+ 36. Qxg5 Qxg5+ 37. Kxg5 Kf8 38. Kf6 b6 39. Bf7
bxc5 40. bxc5 a5 41. Bxe6 Be8 42. Bc8 a4 43. a3 Bf7 44. e6 Be8 45. Bd7 1-0

[Event "Howell (US Am N/4/21)"]
[Site "?"]
[Date "1996.??.??"]
[Round "?"]
[White "Afshar, N."]
[Black "Merte, Otto"]
[Result "0-1"]
[WhiteElo "1605"]
[BlackElo "1850"]
[PlyCount "124"]
[EventDate "1996.??.??"]

{4/(21)} 1. d4 Nf6 2. c4 g6 3. Nc3 d5 4. Nf3 Bg7 5. cxd5 Nxd5 6. e4 Nxc3 7.
bxc3 c5 8. Bb5+ Bd7 9. Qa4 Nc6 10. O-O a6 11. Bxc6 Bxc6 12. Qc2 cxd4 13. Rd1 e5
14. cxd4 Qa5 15. a4 O-O 16. d5 Bd7 17. Bd2 Qd8 18. Be3 Rc8 19. Qd2 Rc4 20. Qd3
Rxa4 21. Rxa4 Bxa4 22. Rc1 Bb5 23. Qd2 Qd7 24. Qa5 Rc8 25. Qa3 Rxc1+ 26. Qxc1
f6 27. Bb6 Bf8 28. Qc3 Qd6 29. Be3 Qb4 30. Qxb4 Bxb4 31. Nd2 a5 32. Nb3 a4 33.
Nc5 b6 34. Nxa4 Bxa4 35. Bxb6 Kf7 36. f3 Ke7 37. Kf2 Kd7 38. g3 Bc2 39. Ke3 Bd6
40. Kd2 Ba4 41. Be3 Bb4+ 42. Ke2 Kd6 43. f4 Bb5+ 44. Kf3 Bc5 45. h4 Bxe3 46.
Kxe3 h5 47. fxe5+ Kxe5 48. Kf3 Ba4 49. Ke3 Bc2 50. d6 Kxd6 51. Kd4 Bb1 52. Ke3
Ke5 53. Kf3 Bxe4+ 54. Ke3 f5 55. Kf2 Kd4 56. Ke2 Bd5 57. Kd2 Ke4 58. Ke2 Bc4+
59. Kf2 Bb5 60. Kg2 Ke3 61. Kh2 Kf3 62. Kh3 Kf2 0-1

[Event "Lansing (MI Op/3/34)"]
[Site "?"]
[Date "1996.??.??"]
[Round "?"]
[White "Afshar, N."]
[Black "Kung, Fred"]
[Result "0-1"]
[WhiteElo "1640"]
[BlackElo "1875"]
[PlyCount "84"]
[EventDate "1996.??.??"]

{3/(34)} 1. d4 d5 2. c4 e6 3. Nc3 c5 4. cxd5 exd5 5. Nf3 Nc6 6. e3 c4 7. Be2
Nf6 8. O-O a6 9. a4 Na5 10. Nd2 Bf5 11. b3 cxb3 12. Nxb3 Rc8 13. Bd2 Nc4 14.
Be1 Bb4 15. Rc1 Nb2 16. Qd2 Nxa4 17. Bd3 Ne4 18. Bxe4 Bxe4 19. Nc5 Bxc3 20. Qa2
Nxc5 21. Bxc3 Nd3 22. Qa3 Nxc1 23. Rxc1 Qe7 24. Qxe7+ Kxe7 25. Bb4+ Kd7 26. Ra1
Rc6 27. f3 Bd3 28. Ra5 Ke6 29. Ra3 Bg6 30. Rb3 b5 31. Bc5 Rxc5 32. dxc5 Rc8 33.
Ra3 Rc6 34. Ra5 Rxc5 35. Rxa6+ Ke5 36. Ra2 b4 37. Rb2 Rc1+ 38. Kf2 Rc2+ 39.
Rxc2 Bxc2 40. Ke2 b3 41. Kd2 f5 42. g3 d4 0-1

[Event "Lansing (MI Op/1a/18)"]
[Site "?"]
[Date "1996.??.??"]
[Round "?"]
[White "Afshar, N."]
[Black "Kitts, Gary"]
[Result "0-1"]
[WhiteElo "1640"]
[BlackElo "2000"]
[PlyCount "84"]
[EventDate "1996.??.??"]

1. d4 d5 2. c4 Bf5 3. e3 Nf6 4. Nc3 Nc6 5. Qb3 e6 6. c5 Na5 7. Qa4+ c6 8. Nf3
Be7 9. Qd1 O-O 10. Nh4 b5 11. Nxf5 exf5 12. Bd3 Ne4 13. Qc2 g6 14. O-O Qd7 15.
Ne2 Bd8 16. f3 Nf6 17. Bd2 Nc4 18. Be1 Re8 19. Bxc4 bxc4 20. b3 cxb3 21. axb3
Bc7 22. Bd2 Re6 23. Ra6 Rae8 24. Rfa1 Bb8 25. Qd3 R6e7 26. Ng3 h5 27. Nf1 h4
28. Be1 g5 29. Qd2 f4 30. Bf2 fxe3 31. Bxe3 Rxe3 32. Nxe3 Bf4 33. Rxa7 Qe6 34.
Re1 Bxe3+ 35. Rxe3 Qxe3+ 36. Qxe3 Rxe3 37. Rb7 Rd3 38. Rb8+ Kg7 39. Rb4 Nh5 40.
Kf2 Nf4 41. g3 Rd2+ 42. Ke3 Re2# 0-1

[Event "Lansing (MOR/7/27)"]
[Site "?"]
[Date "1996.??.??"]
[Round "?"]
[White "Abdul-Mujeeb, N."]
[Black "Vorhauer, Sam"]
[Result "0-1"]
[WhiteElo "1605"]
[BlackElo "1605"]
[PlyCount "82"]
[EventDate "1996.??.??"]

{7/(27)} 1. c4 c5 2. Nf3 e6 3. d4 d5 4. e3 Nf6 5. Nc3 cxd4 6. Nxd4 Bd7 7. Bd3
Bb4 8. Bd2 Bxc3 9. Bxc3 Nc6 10. Nxc6 Bxc6 11. Bb4 Qc7 12. cxd5 Nxd5 13. Ba3
Qa5+ 14. Qd2 Qxd2+ 15. Kxd2 Rc8 16. Rac1 Kd7 17. Rhd1 f5 18. Ke2 b5 19. Bc5 a6
20. g4 g6 21. gxf5 gxf5 22. Kf1 Kc7 23. Bd4 Rhe8 24. a4 Kb7 25. axb5 Bxb5 26.
Bxb5 axb5 27. Rxc8 Rxc8 28. Ra1 Ra8 29. Rxa8 Kxa8 30. Kg2 Nc7 31. Kg3 Na6 32.
h4 Kb7 33. h5 Kc6 34. h6 Kd5 35. Ba7 Ke4 36. f3+ Kd3 37. Kh4 Ke2 38. f4 Kd3 39.
b4 Kc4 40. Bc5 Nxc5 41. Kg5 Ne4+ 0-1

[Event "Lansing (MOR/4/24)"]
[Site "?"]
[Date "1996.??.??"]
[Round "?"]
[White "Abdul-Mujeeb, N."]
[Black "Hanna, Carl"]
[Result "0-1"]
[WhiteElo "1605"]
[BlackElo "1605"]
[PlyCount "115"]
[EventDate "1996.??.??"]

{4/(24)} 1. c4 c5 2. Nf3 Nc6 3. d4 cxd4 4. Nxd4 e5 5. Nb5 d6 6. g3 a6 7. N5c3
Nf6 8. Bg2 Be7 9. Qa4 Bd7 10. Qd1 O-O 11. Bg5 Bf5 12. Bxc6 bxc6 13. Bxf6 Bxf6
14. e4 Bh3 15. Qh5 Qd7 16. Qf3 Rac8 17. Nd2 Bg5 18. Qd3 Bxd2+ 19. Qxd2 f5 20.
exf5 Qxf5 21. O-O-O Rfd8 22. b3 d5 23. cxd5 cxd5 24. Kb2 d4 25. Ne2 Qxf2 26.
Ng1 Qxd2+ 27. Rxd2 Bg4 28. h3 Bf5 29. Nf3 Be4 30. Rf1 Bxf3 31. Rxf3 Rf8 32.
Rdf2 e4 33. Rf4 Rxf4 34. Rxf4 Re8 35. Rf1 Re5 36. Re1 Kf7 37. Kc2 Ke6 38. b4
Kd5 39. a4 Kc4 40. Rb1 e3 41. Kd1 d3 42. Ke1 e2 43. Kd2 e1=Q+ 44. Rxe1 Rxe1 45.
Kxe1 Kxb4 46. Kd2 Kxa4 47. Kxd3 Kb3 48. g4 a5 49. Ke4 a4 50. Ke5 a3 51. Ke6 a2
52. Kf7 a1=Q 53. Kg8 Qf6 54. Kxh7 g5 55. Kg8 Qe7 56. h4 gxh4 57. g5 Qxg5+ 58.
Kh7 0-1